<?xml version="1.0" encoding="UTF-8"?>
<record
    xmlns:xsi="http://www.w3.org/2001/XMLSchema-instance"
    xsi:schemaLocation="http://www.loc.gov/MARC21/slim http://www.loc.gov/standards/marcxml/schema/MARC21slim.xsd"
    xmlns="http://www.loc.gov/MARC21/slim">

  <leader>01591nam a22002417a 4500</leader>
  <controlfield tag="003">DO-SdBJH</controlfield>
  <controlfield tag="005">20250122135215.0</controlfield>
  <controlfield tag="008">250117b        |||||||| |||| 00| 0 spa d</controlfield>
  <datafield tag="040" ind1=" " ind2=" ">
    <subfield code="a">DO-SdBJH</subfield>
    <subfield code="b">spa</subfield>
    <subfield code="c">DO-SdBJH</subfield>
  </datafield>
  <datafield tag="090" ind1=" " ind2=" ">
    <subfield code="a">TG EGCEMA</subfield>
    <subfield code="b">02225 2023</subfield>
  </datafield>
  <datafield tag="100" ind1="1" ind2=" ">
    <subfield code="a">Ochoa Reyna, Jos&#xE9; Ivan </subfield>
    <subfield code="e">sustentante</subfield>
  </datafield>
  <datafield tag="245" ind1="1" ind2="0">
    <subfield code="a">Dise&#xF1;o de la Especialidad en Administraci&#xF3;n Aeron&#xE1;utica, en la Facultad de Ciencias Aeron&#xE1;uticas, a partir del a&#xF1;o 2024 / </subfield>
    <subfield code="c"> Jos&#xE9; Ivan Ochoa Reyna, Leonardo E. Rosario Mojica, asesores Tebi Enrique Rodr&#xED;guez Hern&#xE1;ndez, Jos&#xE9; M. Alm&#xE1;nzar Sosa</subfield>
  </datafield>
  <datafield tag="260" ind1=" " ind2=" ">
    <subfield code="a">Santo Domingo Este :</subfield>
    <subfield code="b">INSUDE, </subfield>
    <subfield code="c">2023</subfield>
  </datafield>
  <datafield tag="300" ind1=" " ind2=" ">
    <subfield code="a">i, 90 p&#xE1;ginas, tabla, gr&#xE1;fico</subfield>
  </datafield>
  <datafield tag="502" ind1=" " ind2=" ">
    <subfield code="a">Tesis (Especialidad en Comando y Estado Mayor A&#xE9;reo) -- Instituto Superior para la Defensa (INSUDE). Escuela de Graduados en Comando y Estado Mayor A&#xE9;reo, 2023</subfield>
  </datafield>
  <datafield tag="504" ind1=" " ind2=" ">
    <subfield code="a">Incluye referencias bibliogr&#xE1;ficas e &#xED;ndices</subfield>
  </datafield>
  <datafield tag="505" ind1=" " ind2=" ">
    <subfield code="a">Antecedentes hist&#xF3;ricos de la administraci&#xF3;n aeron&#xE1;utica y marco legal para impartir una especialidad en la Faculta de Ciencias Aeron&#xE1;uticas de la EGCEMA de la FARD.  -- Descripci&#xF3;n del dise&#xF1;o de la Especialidad en Administraci&#xF3;n Aeron&#xE1;utica. 
-- Perfiles, competencias y contenido de las materias del dise&#xF1;o de la Especialidad en Administraci&#xF3;n Aeron&#xE1;utica</subfield>
  </datafield>
  <datafield tag="700" ind1="1" ind2=" ">
    <subfield code="a">Rosario Mojica, Leonardo E. </subfield>
    <subfield code="e">sustentante</subfield>
  </datafield>
  <datafield tag="700" ind1="1" ind2=" ">
    <subfield code="a">Rodr&#xED;guez Hern&#xE1;ndez, Tebi Enrique </subfield>
    <subfield code="e">asesor</subfield>
  </datafield>
  <datafield tag="700" ind1="1" ind2=" ">
    <subfield code="a">Alm&#xE1;nzar Sosa, Jos&#xE9; M. </subfield>
    <subfield code="e">asesor</subfield>
  </datafield>
  <datafield tag="830" ind1=" " ind2=" ">
    <subfield code="a">INSUDE.  Escuela de Graduados en Comando y Estado Mayor A&#xE9;reo. Tesis y disertaciones acad&#xE9;micas</subfield>
  </datafield>
  <datafield tag="942" ind1=" " ind2=" ">
    <subfield code="2">CL</subfield>
    <subfield code="c">T</subfield>
  </datafield>
  <datafield tag="999" ind1=" " ind2=" ">
    <subfield code="c">8015</subfield>
    <subfield code="d">8015</subfield>
  </datafield>
  <datafield tag="952" ind1=" " ind2=" ">
    <subfield code="0">0</subfield>
    <subfield code="1">0</subfield>
    <subfield code="2">CL</subfield>
    <subfield code="4">0</subfield>
    <subfield code="7">0</subfield>
    <subfield code="8">CG</subfield>
    <subfield code="a">BJHA</subfield>
    <subfield code="b">BJHA</subfield>
    <subfield code="d">2025-01-17</subfield>
    <subfield code="i">23-02225</subfield>
    <subfield code="l">0</subfield>
    <subfield code="o">TG EGCEMA 02225 2023</subfield>
    <subfield code="p">23-02225</subfield>
    <subfield code="r">2025-01-17 13:54:40</subfield>
    <subfield code="t">e.1</subfield>
    <subfield code="w">2025-01-17</subfield>
    <subfield code="y">T</subfield>
  </datafield>
</record>
